<?xml version="1.0" encoding="UTF-8"?>
<record
    xmlns:xsi="http://www.w3.org/2001/XMLSchema-instance"
    xsi:schemaLocation="http://www.loc.gov/MARC21/slim http://www.loc.gov/standards/marcxml/schema/MARC21slim.xsd"
    xmlns="http://www.loc.gov/MARC21/slim">

  <leader>01580cam a22002533a 4500</leader>
  <controlfield tag="001">1610</controlfield>
  <controlfield tag="003">PGUSA</controlfield>
  <controlfield tag="005">20140828083003.0</controlfield>
  <controlfield tag="008">990101s1999||||xxu|||||s|||||000 | eng d</controlfield>
  <datafield tag="040" ind1=" " ind2=" ">
    <subfield code="a">PGUSA</subfield>
    <subfield code="b">eng</subfield>
  </datafield>
  <datafield tag="042" ind1=" " ind2=" ">
    <subfield code="a">dc</subfield>
  </datafield>
  <datafield tag="050" ind1=" " ind2="4">
    <subfield code="a">BS</subfield>
  </datafield>
  <datafield tag="245" ind1="1" ind2="4">
    <subfield code="a">The Bible, Douay-Rheims, Old Testament &#x2014; Part 2</subfield>
    <subfield code="h">[electronic resource]</subfield>
  </datafield>
  <datafield tag="260" ind1=" " ind2=" ">
    <subfield code="b">Project Gutenberg,</subfield>
    <subfield code="c">1999</subfield>
  </datafield>
  <datafield tag="500" ind1=" " ind2=" ">
    <subfield code="a">Old Testament Part 2 is vol II of III. See also Complete (vol I-III) PG#8300 and Complete version (vol I-III with Appendices) PG#1581 and OT (vol I) PG#1609 and NT (vol III) PG#1582</subfield>
  </datafield>
  <datafield tag="505" ind1="0" ind2=" ">
    <subfield code="a">The Second Part of the Old Testament: Book of Psalms -- Book of Proverbs -- Ecclesiastes -- Solomon's Canticle of Canticles -- Book of Wisdom -- Ecclesiasticus -- Prophecy of Isaias -- Prophecy of Jeremias -- Lamentations of Jeremias -- Prophecy of Baruch -- Prophecy of Ezechiel -- Prophecy of Daniel -- Prophecy of Osee -- Prophecy of Joel -- Prophecy of Amos -- Prophecy of Abdias -- Prophecy of Jonas -- Prophecy of Micheas -- Prophecy of Nahum -- Prophecy of Habacuc -- Prophecy of Sophonias -- Prophecy of Aggeus -- Prophecy of Zacharias -- Prophecy of Malachias -- First Book of Machabees -- Second Book of Machabees -- Appendices: The Prayer of Manasses -- The Third Booke of Esdras -- The Fourth Booke of Esdras -- The Prophecie of Abdias.</subfield>
  </datafield>
  <datafield tag="506" ind1=" " ind2=" ">
    <subfield code="a">Public domain in the USA.</subfield>
  </datafield>
  <datafield tag="516" ind1=" " ind2=" ">
    <subfield code="a">Electronic text</subfield>
  </datafield>
  <datafield tag="653" ind1=" " ind2=" ">
    <subfield code="a">Religion</subfield>
  </datafield>
  <datafield tag="653" ind1=" " ind2=" ">
    <subfield code="a">Bible. Old Testament</subfield>
  </datafield>
  <datafield tag="830" ind1=" " ind2="0">
    <subfield code="a">Project Gutenberg</subfield>
    <subfield code="v">1610</subfield>
  </datafield>
  <datafield tag="856" ind1="4" ind2="0">
    <subfield code="u">http://www.gutenberg.org/ebooks/1610</subfield>
  </datafield>
  <datafield tag="942" ind1=" " ind2=" ">
    <subfield code="c">EB</subfield>
  </datafield>
  <datafield tag="999" ind1=" " ind2=" ">
    <subfield code="c">230958</subfield>
    <subfield code="d">230958</subfield>
  </datafield>
  <datafield tag="952" ind1=" " ind2=" ">
    <subfield code="0">0</subfield>
    <subfield code="1">0</subfield>
    <subfield code="4">0</subfield>
    <subfield code="a">GTB</subfield>
    <subfield code="b">GTB</subfield>
    <subfield code="d">2014-08-28</subfield>
    <subfield code="l">0</subfield>
    <subfield code="r">2014-08-28 00:00:00</subfield>
    <subfield code="w">2014-08-28</subfield>
    <subfield code="y">EB</subfield>
  </datafield>
</record>
